Tratado de responsabilidad civil. Tomo II, Parte especial /

Guardado en:
Autor Principal: Pizarro, Ramón Daniel
Otros Autores: Vallespinos, Carlos Gustavo
Formato: Libro
Idioma:Spanish
Publicado: Santa Fe : Rubinzal - Culzoni, 2018
Edición:1ª ed. revisada
Materias:
Etiquetas: Agregar Etiqueta
Sin Etiquetas, Sea el primero en etiquetar este registro!
LEADER 00976nam a22002535a 4500
001 DER.der013596
008 180615s2018####ag#||||||||||||||#||spa||
005 20210802120331.0
245 1 0 |a Tratado de responsabilidad civil.  |n Tomo II,  |p Parte especial /  |c Ramón Daniel Pizarro , Carlos Gustavo Vallespinos. 
250 |a 1ª ed. revisada 
260 |a Santa Fe :  |b Rubinzal - Culzoni,  |c 2018 
300 |a 748 p. 
020 |a 9789873008597 
100 1 |a Pizarro, Ramón Daniel 
700 1 |a Vallespinos, Carlos Gustavo 
650 7 |a indemnización  |2 SAIJ 
653 |a RESPONSABILIDAD CIVIL 
653 |a RESPONSABILIDAD POR HECHO AJENO 
653 |a RESPONSABILIDAD EXTRACONTRACTUAL DEL PRINCIPAL POR EL HECHO DEL DEPENDIENTE 
653 |a RESPONSABILIDAD PARENTAL 
653 |a RESPONSABILIDAD POR ACTIVIDADES RIESGOSAS 
653 |a SUPUESTOS ESPECIALES DE RESPONSABILIDAD CIVIL 
653 |a RESPONSABILIDAD DE LOS MEDICOS 
859 |a DERECHO  |b BIB. DERECHO  |h 346  |i PIZ  |k 1.28  |p 008623  |t 1